000 00368nam a2200121Ia 4500
008 210716s2016 xx 000 0 und d
020 _a9781138679061
041 _aeng
082 _a658.404 GRIR
100 _aGrit, Roel.
245 _aProject management: a practical approach .
_bPractical approach .
260 _aNew Delhi
_bShri Adhya Educational Books Pvt Ltd
_c2016
999 _c211064
_d211064